000 00509nam a2200193Ia 4500
005 20230118101449.0
008 131103s9999 xx 000 0 und d
040 _aLoreto College
041 _aEnglish
082 _a821.6
_bBUR-BRO
100 _aBrown, Hilton
245 _aThere was a lad
_b an essay on Robert Burns
_cHilton Brown
260 _aLondon
_bHamish Hamilton
_c1949
300 _a260p.
504 _aIncludes index
650 _aBurn, Robert - Criticism
850 _aLCLIB
942 _cBK
999 _c21285
_d71764